000 01332njm a22003257a 4500
005 20100917102057.0
007 sd ammalaaahaa
008 100904t xxu||||| |||| 00| 0 hin d
028 _a3EPE.7391
_bHis Master's Voice
028 _a7TJW. 13808
_bHis Master's Voice
028 _a7TJW. 13809
_bHis Master's Voice
035 _aGR-03067
040 _aSED/VEN
100 _aTalat
_91184
245 _aAaram (Part-1)
_bHindi Film /
_cby Talat; Music by Anil Biswas; Lyric by Rajinder Krishan
_h[Sound Recording] :
246 _aआराम (तलत)
260 _aDum Dum, India :
_bHis Master's Voice
300 _a1 sound disc [Gramophone Recording] :
_banalog, 33 1/3 rpm ;
_c7 in. [SP]
_fGramophone Records
500 _aBrief Records
500 _aRecord Labels: His Master's Voice, Red
505 _aSong Side-1; शुक्रिया ऐ प्यार तेरा (आराम) (तलत), Song Side-2; मैं दिल हूँ एक अरमान भरा (अनहोनी) (तलत) Part 2
600 _aTalat
_920259
610 _920322
650 _aClassical Music
_xExcerpts
_zIndia
_918309
700 _918319
700 _918320
700 _920323
942 _2ddc
_cGR
999 _c46337
_d46337